[Event "Duisburg Grossenbaum op"]
[Site "Duisburg"]
[Date "2006.07.02"]
[Round "6"]
[White "Heinrichs, Ralf"]
[Black "Fichtner, Jacob"]
[Result "1-0"]
[WhiteElo "1630"]
[BlackElo "1281"]
[PlyCount "59"]
[EventDate "2006.06.02"]
[EventType "swiss"]
[EventRounds "7"]
[EventCountry "GER"]
[SourceTitle "EXT 2007"]
[Source "ChessBase"]
[SourceDate "2006.11.23"]
[SourceVersion "1"]
[SourceVersionDate "2006.11.23"]
[SourceQuality "1"]

1. Nf3 Nf6 2. d4 g6 3. Bf4 Bg7 4. Nc3 0-0 5. e4 d6 6. Be2 Nbd7 7. h3 c5 8. Bg3 Qa5 9. 0-0 a6 10. dxc5 Nxc5 11. e5 dxe5 12. Bxe5 Rd8 13. Qe1 b5 14. a3 Bb7 15. b4 Qb6 16. bxc5 Qxc5 17. Rd1 Rxd1 18. Qxd1 Rc8 19. Qd4 Qxa3 20. Nb1 Qa2 21. Bd3 Bxf3 22. gxf3 Qa5 23. Qa7 Nd5 24. Bxg7 Kxg7 25. Qb7 Rd8 26. Kh2 Qa4 27. Be4 Nb4 28. Qxe7 Rc8 29. Qe5+ Kf8 30. Qh8+ 1-0